Háború és béke.
Elmentve itt :
| Szerző: | |
|---|---|
| Adatforrás: | Philobibl |
| Forrásdokumentuma: | Magyar Figyelő 1915. évf. 2. kötet, 131-139.p. p. |
| Dokumentumtípus: | Cikk |
| Nyelv: | magyar |
| LEADER | 00296nab a2200097 c 4500 | ||
|---|---|---|---|
| 001 | bibDOK00025701 | ||
| 005 | 20200924122014.2 | ||
| 008 | 060518s1915 hu hun | ||
| 100 | 1 | |a Mikszáth Kálmán | |
| 245 | 1 | 0 | |a Háború és béke. |c Mikszáth Kálmán |
| 773 | 0 | |t Magyar Figyelő |g 1915. évf. 2. kötet, 131-139.p. p. | |